000 00660nam a2200241Ia 4500
003 GCL
008 140319s9999 xx 000 0 ara d
040 _aGCL /
_cGCL
082 0 4 _a923.162
_bم ك
100 1 _aمحمد نجيب
245 1 0 _aكنت رئيسا لمصر /
_cمحمد نجيب
260 _a[S.N] :
_bالمكتب المصرى الحديث ،
_c1993
300 _a420 ص
490 _a
650 0 4 _aالعصر الحديث
650 0 4 _aمصر
650 0 4 _aتاريخ
650 0 4 _aالاحوال السياسية
650 0 4 _aمحمد نجيب
650 0 4 _aالسلطة
650 0 4 _aتراجم ذاتية
942 _2ddc
_cBK
999 _c34567
_d34567